MARC

LEADER 00000nam0a2200000 4500
001 249963
005 20231101232524.0
010 |a 5270003562 
020 |a RU  |b 89-7146 
035 |a (RuTPU)RU\TPU\book\272101 
090 |a 249963 
100 |a 20140210d1989 m y0rusy5003 ca 
101 0 |a rus 
102 |a RU 
105 |a y z 000zy 
200 1 |a Люди и вещи  |f Г. С. Лисичкин 
210 |a Москва  |c Современник  |d 1989 
215 |a 222 с. 
606 1 |a Рентабельность  |2 stltpush  |3 (RuTPU)RU\TPU\subj\36853  |9 58080 
610 1 |a потребности 
610 1 |a потреблени 
610 1 |a сельское хозяйство 
610 1 |a социалистические страны 
610 1 |a стоимость 
686 |a У9(2)0--86  |2 rubbk 
700 1 |a Лисичкин  |b Г. С.  |g Геннадий Степанович  |4 070 
801 0 |a RU  |b RuMRKP  |c 19950417  |g psbo 
801 1 |a RU  |b 63413507  |c 20140210 
801 2 |a RU  |b 63413507  |c 20140220  |g RCR 
942 |c BK